Statistics for Lucille Ball Filmography

Click here to take the quiz!

General Stats

  • This quiz has been taken 31 times
    (9 since last reset)
  • The average score is 37 of 189

Answer Stats

TypeYearName% Correct
TV Show1968-1974Here's Lucy
88%
TV Show1951-1957I Love Lucy
88%
Film1953I Love Lucy
88%
Film1974Mame
88%
TV Show1962-1968The Lucy Show
88%
TV Show1967, 1968, 1969, 1970The Carol Burnett Show
75%
Film1954The Long, Long Trailer
75%
Film1968Yours, Mine and Ours
75%
Film1956Forever, Darling
63%
TV Show1986Life with Lucy
63%
Documentary2022Lucy and Desi
63%
TV Film1985Stone Pillow
63%
Film1963Critic's Choice
50%
Film1933Roman Scandals
50%
Film1937Stage Door
50%
Film1950The Fuller Brush Girl
50%
TV Show1970-1982The Merv Griffin Show
50%
TV Show1968-1980The Mike Douglas Show
50%
Film1967A Guide for the Married Man
38%
Film1946Easy to Wed
38%
Film1950Fancy Pants
38%
TV Show1971Flip
38%
TV Special1966Lucy in London
38%
Film1947Lured
38%
Film1949Miss Grant Takes Richmond
38%
Radio Series1948-1951My Favorite Husband
38%
TV Show1964The Danny Kaye Show
38%
TV Show1966, 1968, 1970, 1971The Dean Martin Show
38%
TV Show1954-1970The Ed Sullivan Show
38%
Commercial1970sThe Milton Bradley Company
38%
Short Film1934Three Little Pigskins
38%
TV Show1954-1965What's My Line?
38%
Film1940Dance, Girl, Dance
25%
TV Show1977Donny and Marie
25%
TV Film1977Lucy Calls the President
25%
Film1934Moulin Rouge
25%
TV Show1963-1972Password
25%
Commercial1950sPhilip Morris Cigarettes
25%
Short Documentary1938Screen Snapshots Series 18, No. 1
25%
Film1942The Big Street
25%
TV Show1964The Jack Benny Program
25%
Film1940Too Many Girls
25%
Film1945Abbott and Costello in Hollywood
13%
Film1941A Girl, a Guy and a Gob
13%
Short Documentary1967All About People
13%
TV Special1986All-Star Party for Clint Eastwood
13%
TV Special1984All-Star Party for Lucille Ball
13%
TV Show1952All Star Revue
13%
TV Special1975A Lucille Ball Special Starring Lucille Ball and Jackie Gleason
13%
TV Special1988America's Tribute to Bob Hope
13%
Short Film1935A Night at the Biltmore Bowl
13%
Film1938Annabel Takes a Tour
13%
Film1950A Woman of Distinction
13%
Film1939Beauty for the Asking
13%
Film1935Behind the Evidence
13%
Film1943Best Foot Forward
13%
Film1933Blood Money
13%
TV Show1984Body Language
13%
Film1934Broadway Bill
13%
Film1933Broadway Through a Keyhole
13%
Film1934Bulldog Drummond Strikes Back
13%
Film1936Bunker Bean
13%
Film1935Carnival
13%
TV Special1967Carol + 2
13%
Documentary Mini-Series1978CBS: On the Air
13%
TV Special1976CBS Salutes Lucy: The First 25 Years
13%
Film1936Chatterbox
13%
TV Film1979Cher... and Other Fantasies
13%
Film1937Don't Tell the Wife
13%
Film1943Du Barry Was a Lady
13%
Short Film1936Dummy Ache
13%
Film1949Easy Living
13%
Film1952Ellis in Freedomland
13%
Film1936Follow the Fleet
13%
Short Film1935Foolish Hearts
13%
Film1934Fugitive Lady
13%
Short Film1944G.I. Journal
13%
Film1938Go Chase Yourself
13%
TV Film1974Happy Anniversary and Goodbye
13%
Film1938Having Wonderful Time
13%
Short Documentary2009Here's Lucy: On Location
13%
Film1947Her Husband's Affairs
13%
Short Film1935His Old Flame
13%
Film1934Hold That Girl
13%
Film1935I Dream Too Much
13%
Film1935I'll Love You Always
13%
TV Show1949Inside U.S.A. with Chevrolet
13%
Film1934Jealousy
13%
Film1938Joy of Living
13%
Film1934Kid Millions
13%
Film1941Look Who's Laughing
13%
Film1946Lover Come Back
13%
TV Documentary1993Lucy and Desi: A Home Movie
13%
Short Documentary2010Lucy at the World's Fair
13%
TV Special1978Lucy Comes to Nashville
13%
TV Film1975Lucy Gets Lucky
13%
Short Documentary2010Lucy Meets the Burtons: A Comedic Gem
13%
TV Film1980Lucy Moves to NBC
13%
Documentary1989Lucy's Lost Episodes
13%
TV Documentary2003Lucy! TV's Comedy Queen
13%
Radio Series1946-1950Lux Radio Theatre
13%
TV Show1959Make Room for Daddy
13%
TV Show1971Make Room for Granddaddy
13%
Film1944Meet the People
13%
Short Documentary1941Meet the Stars #6: Stars at Play
13%
TV Film1964Mr. and Mrs.
13%
Film1934Murder at the Vanities
13%
TV Show1977Musique and Music
13%
Film1936Muss 'Em Up
13%
Film1934Nana
13%
Film1938Next Time I Marry
13%
Film1935Old Man Rhythm
13%
Short Film1936One Live Ghost
13%
Film1939Panama Lady
13%
TV Show1980-1981Password Plus
13%
Short Film1934Perfectly Mismated
13%
TV Show1949Perry Como's Kraft Music Hall
13%
Film1938Room Service
13%
TV Show1975Sammy and Company
13%
Film1942Seven Days' Leave
13%
Short Film1936So and Sew
13%
Film1949Sorrowful Jones
13%
Radio Series1959Sunday Showcase
13%
TV Show1987-1988Super Password
13%
Radio Series1944-1945Suspense
13%
Short Film1936Swing It
13%
TV Film1970Swing Out, Sweet Land
13%
Film1937That Girl from Paris
13%
Film1939That's Right-You're Wrong
13%
Film1938The Affairs of Annabel
13%
Film1934The Affairs of Cellini
13%
TV Show1959The Ann Sothern Show
13%
TV Show1950-1977The Bob Hope Show
13%
Radio Series1962The Bob Hope Show
13%
Film1933The Bowery
13%
Radio Series1940The Campbell Playhouse
13%
TV Special1962The Danny Kaye Show with Lucille Ball
13%
Film1946The Dark Corner
13%
TV Show1949The Ed Wynn Show
13%
Film1960The Facts of Life
13%
Film1936The Farmer in the Dell
13%
TV Show1971The Flip Wilson Show
13%
TV Show1960The Garry Moore Show
13%
TV Show1971The Glen Campbell Goodtime Hour
13%
Film1962The Good Years
13%
TV Show1963The Greatest Show on Earth
13%
TV Special2019The I Love Lucy Funny Money Special
13%
TV Show1957The Jackie Gleason Show
13%
TV Show1982The John Davidson Show
13%
TV Show1950The Ken Murray Show
13%
TV Show1965The Linkletter Show
13%
Film1951The Magic Carpet
13%
Film1940The Marines Fly High
13%
TV Show1949The Milton Berle Show
13%
TV Show1966The Milton Berle Show
13%
Radio Series1944The Orson Welles Almanac
13%
Radio Series1941The Orson Welles Show
13%
TV Show1971The Pearl Bailey Show
13%
TV Show1976The Practice
13%
TV Show1980The Steve Allen Comedy Hour
13%
Film1935The Three Musketeers
13%
Film1935The Whole Town's Talking
13%
Film1943Thousands Cheer
13%
TV Film1975Three for Two
13%
TV Show1982Three's Company
13%
Film1927Tillie the Toiler
13%
Film1935Top Hat
13%
Film1939Twelve Crowded Hours
13%
Film1946Two Smart People
13%
Film1942Valley of the Sun
13%
TV Show1976Van Dyke and Company
13%
TV Show1958, 1959Westinghouse Desilu Playhouse
13%
TV Film1976What Now, Catherine Curtis?
13%
Theater1960-1961Wildcat
13%
Film1936Winterset
13%
Film1945Without Love
13%
Film1940You Can't Fool Your Wife
13%
Film1945Ziegfeld Follies
13%
TV Show1964Bob Hope Presents the Chrysler Theatre
0%
Film2019I Love Lucy: A Colorized Celebration
0%
Film1934Men of the Night
0%
Film1935Roberto
0%
Radio Series1949Screen Director's Playhouse
0%
TV Show1957-1960The Lucy-Desi Comedy Hour
0%
TV Show1979The Mary Tyler Moore Hour
0%
TV Show1959The Phil Silvers Show
0%
TV Show1965The Steve Lawrence Show
0%
TV Pilot1962The Victor Borge Comedy Theatre
0%
TV Special1978TV: The Fabulous Fifties
0%

Score Distribution

Percentile by Number Answered

Percent of People with Each Score

Your Score History

You have not taken this quiz since the last reset